Xin shi jie sanwen (11) (Record no. 1319207)

MARC details
000 -LEADER
fixed length control field 00608nam a2200205Ia 4500
005 - DATE AND TIME OF LATEST TRANSACTION
control field 20250507130345.0
008 - FIXED-LENGTH DATA ELEMENTS--GENERAL INFORMATION
fixed length control field 008 250505s9999 xx 000 0 chi d
020 ## - INTERNATIONAL STANDARD BOOK NUMBER
International Standard Book Number 9789574440610
037 ## - SOURCE OF ACQUISITION
Stock number Annuals, Advances
040 ## - CATALOGING SOURCE
Original cataloging agency EASL
Language of cataloging eng
Transcribing agency EASL
041 ## - LANGUAGE CODE
Language code of text/sound track or separate title chi
Source of code eng
084 ## - COLON CLASSIFICATION NUMBER
Classification number O41,4NL1, 41P3
Assigning agency EASL
100 ## - MAIN ENTRY--PERSONAL NAME
Personal name Liu Ke Xiang Au.
9 (RLIN) 665240
245 #0 - TITLE STATEMENT
Title Xin shi jie sanwen (11)
260 ## - PUBLICATION, DISTRIBUTION, ETC.
Place of publication, distribution, etc. China
Name of publisher, distributor, etc. Taibei Jiu ge chu ban she you xian gongsi Taiwan
Date of publication, distribution, etc. 2003
300 ## - PHYSICAL DESCRIPTION
Extent 317p.
650 ## - SUBJECT ADDED ENTRY--TOPICAL TERM
Topical term or geographic name entry element CL
9 (RLIN) 642733
942 ## - ADDED ENTRY ELEMENTS (KOHA)
Koha item type Textual
Classification part O41,4NL1, 41P3

No items available.

Copyright @ Delhi University Library System